Les drapeaux coloniaux et ultramarins français - Statistiques

Statistiques générales
  • Ce quiz a été pris 45 fois
  • Le résultat moyen est 9 sur 36
Statistiques - réponses
Par images Hint Réponse % Correct
(1920-1946) * L Liban
92%
(1881-1956) * T Tunisie
74%
(1959-1960) * G Gabon
58%
(1893-1953) * L Laos
58%
(1910-1985) * WF Protectorat de {Wallis} & {Futuna}
58%
(1886-1887) * WF Protectorat de {Wallis} & {Futuna}
55%
(1889-1900) * R Protectorat de {Rurutu}
47%
Actuel * R Drapeau de {Rapa}
45%
(1860-1886) * WF Protectorat de {Wallis} & {Futuna}
45%
(1959-1970) * C {Congo} français
42%
Depuis 2005 * TAA {Terres} {Australes} et {Antarctiques} françaises
34%
1958-2005 * TAA {Terres} {Australes} et {Antarctiques} françaises
34%
(1900) * A {Algérie} française
32%
(1875) * A {Algérie} française
32%
(1958-1959) * S {Soudan} français
32%
(1947-1956) * S Protectorat de {Sarre}
24%
(1957-1958) * T Togo
24%
(1887-1906) * V Vanuatu
21%
(1923-1945) * A Annam
18%
(1924-1930) * S Syrie
13%
(1920-1922) * S Syrie
13%
(1842-1880) * T Tahiti
13%
(1885-1895) * M Madagascar
11%
Actuel * A Drapeau de {Alo}
8%
Actuel * S Drapeau de {Sigave}
8%
(1920-1936) * A Etats des {Alaouites}
8%
(1946-1950) * I Pays montagnard du sud de l'{Indochine}
8%
Actuel * U Drapeau de {Uvea}
5%
(1920-1924) * A Etat d'{Alep}
5%
(1924-1936) * D Etat des {Druzes}
5%
(1880-1897) * R Protectorat de {Raiatea}
5%
(1947-1954) * T Drapeau des {Tay}
3%
(1920-1924) * D Etat de {Damas}
3%
(1891-1900) * R Protectorat de {Rimatara}
3%
(1948-1954) * M Région autonome du {Muong}
3%
(1950-1955) * T Pays (Taï)
0%
Aucun quiz correspondant
Distribution des résultats
% des personnes avec chaque résultat
Percentile par nombre de réponses
Votre historique - résultats
Vous n’avez pas pris ce quiz